J.Hudson Taylor : a man in christ /

সংরক্ষণ করুন:
গ্রন্থ-পঞ্জীর বিবরন
প্রধান লেখক: Steer, Roger
অন্যান্য লেখক: Foreward by billy graham
বিন্যাস: গ্রন্থ
ভাষা:ইংরেজি
প্রকাশিত: Singapore : OMF, c1990.
বিষয়গুলি:
ট্যাগগুলো: ট্যাগ যুক্ত করুন
কোনো ট্যাগ নেই, প্রথমজন হিসাবে ট্যাগ করুন!

MARC

LEADER 00000cam a22000002a 4500
001 0000009995
003 DAYSTAR
005 20171002014621.0
008 030703s1990 xx 001 0 eng d
020 |a 9971972867 
040 |a Daystar 
040 |d COnyango 
050 0 0 |a BV 3705  |b .T39  |b S7 
100 1 |a Steer, Roger. 
245 1 0 |a J.Hudson Taylor :  |b a man in christ /  |c By Roger Steer. 
260 |a Singapore :  |b OMF,  |c c1990. 
300 |a 372 p. :  |b ill. 
650 0 |a Missionaries--China. 
700 1 |a Foreward by billy graham. 
908 |a 060412 
942 |c G 
952 |0 0  |1 0  |4 0  |6 BV_3705_000000000000000_T39S7  |7 0  |9 4742  |a DUA  |b DUA  |c GC  |d 2017-09-28  |l 0  |o BV 3705.T39S7  |p BK006379  |r 2017-09-28 00:00:00  |w 2017-09-28  |x 59741  |y G 
999 |c 3118  |d 3118